উচ্চ মাধ্যমিক জীববিজ্ঞান / (Record no. 7584)
[ view plain ]
| 000 -LEADER | |
|---|---|
| fixed length control field | 00732nam a2200217 a 4500 |
| 001 - CONTROL NUMBER | |
| JCCL Control Number | 7584 |
| 003 - CONTROL NUMBER IDENTIFIER | |
| JCCL marc code | BD-JhCC |
| 005 - DATE AND TIME OF LATEST TRANSACTION | |
| control field | 20180212083623.0 |
| 008 - FIXED-LENGTH DATA ELEMENTS--GENERAL INFORMATION | |
| fixed length control field | 180212s1973 bg a|||| ||a| 000 0 ben d |
| 035 ## - SYSTEM CONTROL NUMBER | |
| system control number | (BD-JhCC)7584 |
| 040 ## - CATALOGING SOURCE | |
| Original cataloging agency | BD-JhCC |
| Modifying agency | BD-JhCC |
| 041 ## - LANGUAGE CODE | |
| Language code of Book | ben |
| 082 ## - DEWEY DECIMAL CLASSIFICATION NUMBER | |
| Classification number | 574 |
| Author mark and Year | NAR 1973 |
| 100 ## - MAIN ENTRY--PERSONAL NAME | |
| Personal name | চৌধুরী,অমরেন্দ্র নারায়ণ |
| 245 ## - TITLE STATEMENT | |
| Title | উচ্চ মাধ্যমিক জীববিজ্ঞান / |
| Statement of responsibility, etc | অমরেন্দ্র নারায়ণ চৌধুরী . |
| 260 ## - PUBLICATION, DISTRIBUTION, ETC. (IMPRINT) | |
| Place of publication, distribution, etc | ঢাকা : |
| Name of publisher, distributor, etc | মল্লিকা ব্রাদার্স ; |
| Date of publication, distribution, etc | 1973 . |
| 300 ## - PHYSICAL DESCRIPTION | |
| Pagination | 482 p. : |
| Other physical details | ill ; |
| Dimensions | 21 cm. |
| 651 ## - SUBJECT ADDED ENTRY--GEOGRAPHIC NAME | |
| Geographic name | Biology |
| 942 ## - ADDED ENTRY ELEMENTS (KOHA) | |
| Source of classification or shelving scheme | Library of Congress Classification |
| Koha item type | Books |
| Source of classification or shelving scheme | Damaged status | Not for loan | Home library | Current library | Shelving location | Date of accession | Cost, normal purchase price | Total Checkouts | Full call number | Barcode | Date last seen | Copy number | Koha item type |
|---|---|---|---|---|---|---|---|---|---|---|---|---|---|
| Dewey Decimal Classification | JCC Rouf Library | JCC Rouf Library | General Stacks | 02/12/2018 | 12.50 | 574 NAR 1973 | 10154 | 02/12/2018 | C-1 | Books |